Ruský jazyk odborné texty pre stredné odborné učilištia kozmetické odbory

Bibliographic Details
Main Author: Velíšková, Oxana, 1920- (Author)
Other Authors: Hegerová, Katarína, 1954-2000 (Translator), Svobodová, Ivana (Illustrator)
Format: Book
Language:Russian
Slovak
PhysicalDescription:55 s. ilustr. 21 cm
Published: Bratislava Slovenské pedagogické nakladateľstvo 1987
Edition:2. vyd.
Subjects:

MARC

LEADER 00000cam a2200000 a 4500
001 vtls001123710
003 SK-MaSNL
005 20260301220159.0
008 250414s1987 xo a n 000 0 rus
015 |a SNBA1988/02 
035 |a SNK000066553 
035 |a urn:nbn:sk:snk-amkufg 
035 |a urn:nbn:sk:snk-am0027wj 
035 |a 3B9EE26F-3FA1-4F69-B5A3-DAA5F3C7918D 
040 |a SNK  |b slo  |c SNK  |e AACR2 
041 1 |a rus  |a slo  |h slo 
044 |a xo  |c SK 
080 |a 808.2(075.3)  |2 1981 
100 1 |a Velíšková, Oxana,  |d 1920-  |4 aut  |9 90603 
245 1 0 |a Ruský jazyk odborné texty pre stredné odborné učilištia  |b kozmetické odbory  |c Oxana Velíšková ; preklad Katarína Hegerová ; ilustr. Ivana Svobodová 
250 |a 2. vyd. 
260 |a Bratislava  |b Slovenské pedagogické nakladateľstvo  |c 1987 
300 |a 55 s.  |b ilustr.  |c 21 cm 
366 |e 5000 výt. 
500 |a Lit. 7. Schválilo MŠ SSR. 7 zázn. v slov. a češ. 
500 |a Preložené pravdepodobne zo slovenčiny 
504 |a Bibliogr. odkazy s. 55 ; slovnik 
650 0 7 |a ruština  |2 SNKPH  |9 1346 
650 0 7 |a stredné odborné učilištia  |2 SNKPH  |9 30904 
655 7 |a učebnice stredných škôl  |2 SNKPH  |9 69323 
700 1 |a Hegerová, Katarína,  |d 1954-2000  |4 trl  |9 111934 
700 1 |a Svobodová, Ivana  |4 ill  |9 280438 
852 |a Slovenská národná knižnica 
954 |a odborná, vedecká literatúra pôvodná (slovenská)  |2 lita 
958 |a OND 
958 |a SK 
958 |a OP 
958 |a NB 
968 |a RUS  |b SLO 
999 |c 930883  |d 932813 
952 |a SNK  |b SNK  |y VYP  |7 0  |p 17A1138609  |o snkSC 70329 D1  |i snkKSP 11756/87  |0 0  |1 0  |4 0  |d 2015-02-18  |f 1  |l 0  |r 2026-02-24 08:47:35  |w 2026-02-24